ইবরাহীম খাঁ রচনাবলী / (Record no. 39867)
[ view plain ]
| 000 -LEADER | |
|---|---|
| fixed length control field | 01220nam a2200289 a 4500 |
| 001 - CONTROL NUMBER | |
| control field | 39867 |
| 003 - CONTROL NUMBER IDENTIFIER | |
| rucl marc code | BD-RjUL |
| 005 - DATE AND TIME OF LATEST TRANSACTION | |
| control field | 20211209053057.0 |
| 008 - FIXED-LENGTH DATA ELEMENTS--GENERAL INFORMATION | |
| fixed length control field | 160419s2002 bg ||||| b||| 000 1 ben d |
| 020 ## - INTERNATIONAL STANDARD BOOK NUMBER | |
| International Standard Book Number | 9840742906 (V-3) |
| Terms of availability | : Tk.210.00 |
| 035 ## - SYSTEM CONTROL NUMBER | |
| System control number | (BD-RjUL)39981 |
| 040 ## - CATALOGING SOURCE | |
| Original cataloging agency | BD-RjUL |
| Language of cataloging | ben |
| Transcribing agency | BD-RjUL |
| 041 ## - LANGUAGE CODE | |
| Language code of text/sound track or separate title | ben |
| 082 ## - DEWEY DECIMAL CLASSIFICATION NUMBER | |
| Edition number | 23 |
| Classification number | 891.4408 |
| Author mark and year | KHE 2002 |
| 100 ## - MAIN ENTRY--PERSONAL NAME | |
| Personal name | খাঁ, ইবরাহীম. |
| 9 (RLIN) | 122819 |
| 245 10 - TITLE STATEMENT | |
| Title | ইবরাহীম খাঁ রচনাবলী / |
| Statement of responsibility, etc. | ইবরাহীম খাঁ ; মোহাম্মদ আবদুল মজিদ সম্পাদিত |
| 260 ## - PUBLICATION, DISTRIBUTION, ETC. (IMPRINT) | |
| Place of publication, distribution, etc. | ঢাকা : |
| Name of publisher, distributor, etc. | বাংলা একাডেমী, |
| Date of publication, distribution, etc. | ২০০২. |
| 300 ## - PHYSICAL DESCRIPTION | |
| Pagination | খন্ড : |
| Illustrations | চিত্র ; |
| Size | ২২ সেমি. |
| 490 ## - SERIES STATEMENT | |
| Series statement | বাএ ; |
| Volume/sequential designation | ৪২৮১ |
| 504 ## - BIBLIOGRAPHY, ETC. NOTE | |
| Bibliography, etc | গ্রন্থপঞ্জি সংযুক্ত |
| 505 0# - FORMATTED CONTENTS NOTE | |
| Formatted contents note | খন্ড ৩ -- |
| 650 ## - SUBJECT ADDED ENTRY--TOPICAL TERM | |
| Topical term or geographic name as entry element | বাংলা প্রবন্ধ |
| 9 (RLIN) | 122820 |
| General subdivision | সংগ্রহ |
| Topical term or geographic name as entry element | Bangali Essays |
| 9 (RLIN) | 122821 |
| General subdivision | Collected Work |
| 700 ## - ADDED ENTRY--PERSONAL NAME | |
| Personal name | মজিদ, মোহাম্মদ আবদুল, সম্পাদক |
| 830 ## - SERIES ADDED ENTRY--UNIFORM TITLE | |
| Uniform title | বাএ ; |
| Volume number/sequential designation | ৪২৮১ |
| 942 ## - ADDED ENTRY ELEMENTS (KOHA) | |
| Source of classification or shelving scheme | Dewey Decimal Classification |
| Koha item type | Books |
| Lost status | Source of classification or shelving scheme | Damaged status | Not for loan | Collection code | Permanent Location | Current Location | Shelving location | Date acquired | Source of acquisition | Cost, normal purchase price | Total Checkouts | Full call number | Date last seen | Copy number | Koha item type | Date checked out |
|---|---|---|---|---|---|---|---|---|---|---|---|---|---|---|---|---|
| Dewey Decimal Classification | Not For Loan | Non-fiction | Central Library, University of Rajshahi | Central Library, University of Rajshahi | Reading Room | 16/04/2016 | Rajshahi Biddasagor | 210.00 | B 891.4408 KHE V-3 2002 | 19/04/2016 | C-1 | Books | ||||
| Dewey Decimal Classification | Non-fiction | Central Library, University of Rajshahi | Central Library, University of Rajshahi | 16/04/2016 | Rajshahi Biddasagor | 210.00 | 1 | B 891.4408 KHE V-3 2002 | 12/08/2016 | C-2 | Books | 28/07/2016 | ||||
| Dewey Decimal Classification | Non-fiction | Central Library, University of Rajshahi | Central Library, University of Rajshahi | 16/04/2016 | Rajshahi Biddasagor | 210.00 | B 891.4408 KHE V-3 2002 | 19/04/2016 | C-3 | Books | ||||||
| Dewey Decimal Classification | Non-fiction | Central Library, University of Rajshahi | Central Library, University of Rajshahi | 02/02/2012 | Bangla Academy, Dhaka | 210.00 | B 891.4408 KHE V-3 2002 | 01/11/2016 | C-4 | Books | ||||||
| Dewey Decimal Classification | Non-fiction | Central Library, University of Rajshahi | Central Library, University of Rajshahi | 02/02/2012 | Bangla Academy, Dhaka | 210.00 | B 891.4408 KHE V-3 2002 | 02/02/2017 | C-5 | Books |